Internationale Beziehungen Grundkonzepte, Theorien und Problemfelder

Enregistré dans:
Détails bibliographiques
Auteur principal: Lemke, Christiane
Format: Livre
Langue:allemand
Publié: München Oldenbourg Verlag 2012
Édition:3. überarb. und ergänzt. Aufl.
Collection:Lehr- und Handbücher der Politikwissenschaft
Sujets:
Tags: Ajouter un tag
Pas de tags, Soyez le premier à ajouter un tag!

MARC

LEADER 00000nam a2200000 4500
001 0194730
005 20230109114557.2
020 |a 978-3-486-71234-6 
041 0 |a ger 
044 |a DE 
245 1 0 |a Internationale Beziehungen  |b Grundkonzepte, Theorien und Problemfelder  |c Christiane Lemke 
250 |a 3. überarb. und ergänzt. Aufl. 
264 1 |a München  |b Oldenbourg Verlag  |c 2012 
300 |a 246 s. 
490 1 |a Lehr- und Handbücher der Politikwissenschaft 
830 0 |a Lehr- und Handbücher der Politikwissenschaft 
610 2 0 |a vzťahy medzinárodné 
610 2 0 |a politika medzinárodná 
610 2 0 |a veda 
610 2 0 |a dejiny 
610 2 0 |a pojmy 
610 2 0 |a analýzy 
610 2 0 |a nezávislosť 
610 2 0 |a výskum 
610 2 0 |a liberalizmus 
610 2 0 |a inštitucionalizmus 
610 2 0 |a globalizácia 
610 2 0 |a trh svetový 
610 2 0 |a politika svetová 
610 2 0 |a zmeny klimatické 
610 2 0 |a konflikty 
610 2 0 |a kríza 
610 2 0 |a vojny 
610 2 0 |a hospodárstvo svetové 
610 2 0 |a terorizmus 
610 2 0 |a migrácia 
610 2 0 |a politika vnútorná 
610 2 0 |a politika zahraničná 
610 2 0 |a integrácia ekonomická medzinárodná 
610 2 0 |a práva ľudské 
610 2 0 |a Európa 
610 2 0 |a Nemecko 
100 1 |a Lemke, Christiane